Genius Muhammad bin Abdullah / (Record no. 1330)

000 -LEADER
fixed length control field nam a22 a 4500
003 - CONTROL NUMBER IDENTIFIER
control field AKMAL
005 - DATE AND TIME OF LATEST TRANSACTION
control field 20170509101507.0
008 - FIXED-LENGTH DATA ELEMENTS--GENERAL INFORMATION
fixed length control field 170509s2004 my | e | 000 0 may d
020 ## - INTERNATIONAL STANDARD BOOK NUMBER
International Standard Book Number 9831929497 (kkt.) :
Terms of availability RM20.00
039 #9 - LEVEL OF BIBLIOGRAPHIC CONTROL AND CODING DETAIL [OBSOLETE]
Level of rules in bibliographic description 201412090857
Level of effort used to assign nonsubject heading access points w_saiful
Level of effort used to assign subject headings 200904201500
Level of effort used to assign classification kik3856
Level of effort used to assign subject headings 200804101122
Level of effort used to assign classification azma
Level of effort used to assign subject headings 200804021310
Level of effort used to assign classification nooraini
040 ## - CATALOGING SOURCE
Original cataloging agency AKMAL
Transcribing agency AKMAL
049 ## - LOCAL HOLDINGS (OCLC)
Holding library klpmal
082 04 - DEWEY DECIMAL CLASSIFICATION NUMBER
Classification number 297.63 ROZ
Edition number 22
090 00 - LOCALLY ASSIGNED LC-TYPE CALL NUMBER (OCLC); LOCAL CALL NUMBER (RLIN)
Classification number (OCLC) (R) ; Classification number, CALL (RLIN) (NR) 297.63
Local cutter number (OCLC) ; Book number/undivided call number, CALL (RLIN) ROZ
090 20 - LOCALLY ASSIGNED LC-TYPE CALL NUMBER (OCLC); LOCAL CALL NUMBER (RLIN)
Classification number (OCLC) (R) ; Classification number, CALL (RLIN) (NR) 297.63
Local cutter number (OCLC) ; Book number/undivided call number, CALL (RLIN) ROZ
100 0# - MAIN ENTRY--PERSONAL NAME
Personal name Roziah Sidik
9 (RLIN) 2612
245 10 - TITLE STATEMENT
Title Genius Muhammad bin Abdullah /
Statement of responsibility, etc. Roziah Sidik
260 ## - PUBLICATION, DISTRIBUTION, ETC.
Place of publication, distribution, etc. Kuala Lumpur :
Name of publisher, distributor, etc. PTS Publications & Distributors,
Date of publication, distribution, etc. 2004
300 ## - PHYSICAL DESCRIPTION
Extent ix, 170ms. ;
Dimensions 23cm.
440 #0 - SERIES STATEMENT/ADDED ENTRY--TITLE
Title Siri sejarah & tamadun
9 (RLIN) 2613
504 ## - BIBLIOGRAPHY, ETC. NOTE
Bibliography, etc. note Mengandungi rujukan bibliografi dan indeks
600 0# - SUBJECT ADDED ENTRY--PERSONAL NAME
Personal name Muhammad,
Titles and other words associated with a name Prophet,
Dates associated with a name -632
9 (RLIN) 1135
650 10 - SUBJECT ADDED ENTRY--TOPICAL TERM
Topical term or geographic name entry element Islamic leadership
9 (RLIN) 2614
942 ## - ADDED ENTRY ELEMENTS (KOHA)
Source of classification or shelving scheme
Koha item type Book
Holdings
Withdrawn status Lost status Source of classification or shelving scheme Damaged status Not for loan Collection code Home library Current library Date acquired Inventory number Total Checkouts Full call number Barcode Date last seen Price effective from Koha item type
          NON-FICTION AKMAL Melaka AKMAL Melaka 09.05.2017 200919   297.63 ROZ 201702527 09.05.2017 09.05.2017 Book
Pusat Sumber Maklumat Dato' Haji Sarmin Md Hussin, Akademi Kastam Diraja Malaysia, Melaka
Tel: 06-2331106 | Faks: 06-2313787